<?xml version="1.0" encoding="UTF-8"?>
<marc:record xmlns:marc="http://www.loc.gov/MARC21/slim">
   <marc:leader>00000nam a2200000 a 4500</marc:leader>
   <marc:datafield ind1="1" ind2=" " tag="100">
      <marc:subfield code="a">Bergmann, Wolfgang</marc:subfield>
      <marc:subfield code="4">aut</marc:subfield>
      <marc:subfield code="e">Verfasser/-in</marc:subfield>
   </marc:datafield>
   <marc:datafield ind1=" " ind2=" " tag="653">
      <marc:subfield code="a">Erziehung</marc:subfield>
   </marc:datafield>
   <marc:datafield ind1=" " ind2=" " tag="653">
      <marc:subfield code="a">Ratgeber</marc:subfield>
   </marc:datafield>
   <marc:datafield ind1="0" ind2="0" tag="245">
      <marc:subfield code="a">Gute Autorität</marc:subfield>
   </marc:datafield>
   <marc:datafield ind1="0" ind2="0" tag="245">
      <marc:subfield code="b">Grundsätze einer zeitgemässen Erziehung</marc:subfield>
   </marc:datafield>
   <marc:datafield ind1="0" ind2="0" tag="245">
      <marc:subfield code="c">Wolfgang Bergmann</marc:subfield>
   </marc:datafield>
   <marc:datafield ind1=" " ind2="1" tag="264">
      <marc:subfield code="a">Wiesbaden</marc:subfield>
      <marc:subfield code="b">Beust</marc:subfield>
      <marc:subfield code="c">2004</marc:subfield>
   </marc:datafield>
   <marc:datafield ind1="1" ind2=" " tag="520">
      <marc:subfield code="a">&gt;Autoritär&lt; erzogene Kinder sind glückliche Kinder! In der aktuellen Diskussion über die Grundlagen modernern Erziehung vertritt der renommierte Kinderpsychologe Wolfgang Bergmann diesen Standpunkt mit allem Nachdruck. Dabei legt Bergmann dem Begriff Autorität eine völlig neue Bedeutung bei, indem er autoritäre Eltern als liebevoll, verlässlich und entschlossen definiert - als Eltern, die ihre Kinder nicht zu kleinen Tyrannen werden lassen, sondern sie aktiv zu sozialen, einfühlsamen und selbstbe-wussten Persönlichkeiten erziehen. An Hand von zahlreichen Praxisbeispielen zeigt er, wie sich mangelnde Erziehung auf kindliches Verhalten auswirkt, welche Folgen falsch verstandene Elternliebe nach sich zieht - und wie Eltern wieder Einfluss auf das Verhalten ihrer Sprösslinge nehmen können.</marc:subfield>
   </marc:datafield>
   <marc:datafield ind1=" " ind2=" " tag="020">
      <marc:subfield code="a">9783937715889</marc:subfield>
      <marc:subfield code="9">9783937715889</marc:subfield>
   </marc:datafield>
   <marc:datafield ind1=" " ind2=" " tag="020">
      <marc:subfield code="a">3937715886</marc:subfield>
      <marc:subfield code="9">3937715886</marc:subfield>
   </marc:datafield>
   <marc:datafield ind1=" " ind2=" " tag="041">
      <marc:subfield code="a">ger</marc:subfield>
   </marc:datafield>
   <marc:datafield ind1=" " ind2=" " tag="300">
      <marc:subfield code="a">216 S.</marc:subfield>
   </marc:datafield>
</marc:record>
